| 000 | 01138nam a22002057a 4500 | ||
|---|---|---|---|
| 005 | 20240910083602.0 | ||
| 008 | 230714b ||||| |||| 00| 0 eng d | ||
| 040 |
_cSSBUL _dSSBUL |
||
| 041 | _aMyanmar | ||
| 082 |
_223 _a၃၀၅.၈၉၅၉၃၁ မောင် _b၁၆၀၁၄ (S-SAT) |
||
| 100 | 0 |
_aမောင်တိုး၊ နိုင်။ _927969 |
|
| 245 | 1 |
_aမွန်ဓလေ့နှင့် မွန်မှု / _cနိုင်မောင်တိုး။ |
|
| 260 |
_aရန်ကုန်၊ _bကျွန်းချမ်းစာပေ၊ _c၁၉၈၉။ |
||
| 300 |
_a၂၉၆ စာမျက်နှာ၊ _c၁၈ စင်တီ။ |
||
| 500 | _aS-SAT: Sai Aung Tun. | ||
| 650 |
_aမွန်တိုင်းရင်းသား _xယဉ်ကျေးမှုနှင့် ဓလေ့ထုံးစံ _927970 _zမြန်မာနိုင်ငံ။ |
||
| 650 |
_aယဉ်ကျေးမှုနှင့် ဓလေ့ထုံးစံ။ _927971 |
||
| 651 |
_aမွန်ပြည်နယ်၊ _927972 _zမြန်မာနိုင်ငံ။ |
||
| 942 |
_2ddc _cBK1 |
||
| 999 |
_c27196 _d27196 |
||